<?xml version="1.0" encoding="UTF-8"?>
<record
    xmlns:xsi="http://www.w3.org/2001/XMLSchema-instance"
    xsi:schemaLocation="http://www.loc.gov/MARC21/slim http://www.loc.gov/standards/marcxml/schema/MARC21slim.xsd"
    xmlns="http://www.loc.gov/MARC21/slim">

  <leader>00814na  a2200253   4500</leader>
  <controlfield tag="001">24236</controlfield>
  <controlfield tag="003">MIRAKIL</controlfield>
  <controlfield tag="005">20181213155332.0</controlfield>
  <controlfield tag="008">180706b        tu            000 0      </controlfield>
  <datafield tag="020" ind1=" " ind2=" ">
    <subfield code="a">9789756255193</subfield>
  </datafield>
  <datafield tag="040" ind1=" " ind2=" ">
    <subfield code="a">Milas</subfield>
    <subfield code="b">tur</subfield>
    <subfield code="c">TR-AnCHP</subfield>
  </datafield>
  <datafield tag="041" ind1=" " ind2=" ">
    <subfield code="a">tur</subfield>
  </datafield>
  <datafield tag="082" ind1=" " ind2=" ">
    <subfield code="a">939.22</subfield>
    <subfield code="b">T86k 2009</subfield>
  </datafield>
  <datafield tag="090" ind1=" " ind2=" ">
    <subfield code="a">939.22 T86k 2009</subfield>
  </datafield>
  <datafield tag="100" ind1=" " ind2=" ">
    <subfield code="a">Tur&#xE7;aninov, Georgi F.</subfield>
  </datafield>
  <datafield tag="245" ind1=" " ind2=" ">
    <subfield code="a">Kafkasya'da bulunan antik eserlerin ke&#x15F;fi ve yaz&#x131;lar&#x131;n&#x131;n &#xE7;&#xF6;z&#xFC;mlenmesi</subfield>
    <subfield code="c">Georgi F. Tur&#xE7;aninov ; &#xE7;eviren Kayhan Y&#xFC;kseler</subfield>
  </datafield>
  <datafield tag="260" ind1=" " ind2=" ">
    <subfield code="a">Ankara</subfield>
    <subfield code="b">Kafdav yay&#x131;nc&#x131;l&#x131;k</subfield>
    <subfield code="c">2009</subfield>
    <subfield code="f">Kalkan Matbaac&#x131;l&#x131;k</subfield>
  </datafield>
  <datafield tag="300" ind1=" " ind2=" ">
    <subfield code="a">279 s.</subfield>
    <subfield code="b">res.; tbl.</subfield>
    <subfield code="c">19 sm.</subfield>
  </datafield>
  <datafield tag="650" ind1=" " ind2=" ">
    <subfield code="a">Kafkas dilleri</subfield>
    <subfield code="x">Antik d&#xF6;nem </subfield>
  </datafield>
  <datafield tag="650" ind1=" " ind2=" ">
    <subfield code="a">Eski &#xE7;a&#x11F; tarihi</subfield>
    <subfield code="x">Kafkasya</subfield>
  </datafield>
  <datafield tag="651" ind1=" " ind2=" ">
    <subfield code="a">Kafkasya </subfield>
    <subfield code="x">Arkeoloji</subfield>
  </datafield>
  <datafield tag="700" ind1=" " ind2=" ">
    <subfield code="a">Y&#xFC;kseler, Kayhan</subfield>
  </datafield>
  <datafield tag="942" ind1=" " ind2=" ">
    <subfield code="2">dcc</subfield>
    <subfield code="c">BKS</subfield>
  </datafield>
  <datafield tag="952" ind1=" " ind2=" ">
    <subfield code="a">0001</subfield>
    <subfield code="b">0001</subfield>
    <subfield code="d">2018-07-06</subfield>
    <subfield code="e">2</subfield>
    <subfield code="l">0</subfield>
    <subfield code="o">939.22 T86k 2009</subfield>
    <subfield code="p">018246</subfield>
    <subfield code="r">2018-07-06 00:00:00</subfield>
    <subfield code="v">0.00</subfield>
    <subfield code="w">2018-07-06</subfield>
    <subfield code="y">BKS</subfield>
  </datafield>
  <datafield tag="999" ind1=" " ind2=" ">
    <subfield code="c">10755</subfield>
    <subfield code="d">10755</subfield>
  </datafield>
</record>
